| 000 | 01003cam a22002894a 4500 | ||
|---|---|---|---|
| 001 | 15044971 | ||
| 003 | NUST - PNEC | ||
| 005 | 20170116181130.0 | ||
| 008 | 071015s2008 maua b 001 0 eng | ||
| 010 | _a 2007281118 | ||
| 020 | _a9781423901136 (pbk.) | ||
| 020 | _a1423901134 (pbk.) | ||
| 040 |
_aDLC _cLIBRARY |
||
| 050 | 0 | 0 |
_aT58.6 _b.S717 2008 |
| 082 | _a658.0475 STA | ||
| 100 | 1 | _aStair, Ralph M. | |
| 245 | 1 | 0 |
_aFundamentals of information systems : _ba managerial approach / _cRalph M. Stair, George W. Reynolds. |
| 250 | _a4th ed. | ||
| 260 |
_aBoston : _bThomson Course Technology, _cc2008. |
||
| 300 |
_axxiv, 451 p. : _bcol. ill. ; _c28 cm. + _e1 CD-ROM (4 3/4 in.) |
||
| 504 | _aIncludes bibliographical references and index. | ||
| 650 | 0 |
_aManagement information systems. _xMIS |
|
| 700 | 1 |
_aReynolds, George Walter, _d1944- |
|
| 906 |
_a7 _bcbc _corigcop _d3 _encip _f20 _gy-gencatlg |
||
| 942 |
_2ddc _cBK |
||
| 999 |
_c69920 _d69920 |
||